000
00291nam a22001337a 4500
008
170128b xxu||||| |||| 00| 0 eng d
020
_a
0316747327
041
_a
eng
080
_2
3RD
_a
61
100
_a
3
101
_a
shm
245
_a
INTENSIVE CARE MEDICINE
_c
RIPPE, J.M
942
_2
udc
_c
BK
999
_c
3931
_d
3931